Horizon Forbidden West - Statistics

General Stats
  • This quiz has been taken 275 times
  • The average score is 31 of 79
Answer Stats
Hint Answer % Correct
Main character Aloy
100%
Fellow Nora who joins you on the mission Varl
86%
Another clone of Elisabet Sobeck Beta
80%
'Friend' that speaks through holograms and interrogated HADES Sylens
79%
Hyper intelligent AI made to terraform Earth GAIA
77%
Utaru woman that joins your group Zo
73%
Leader of the Vanguard Erend
71%
Man that essentially ended the world Ted Faro
66%
Rebel Leader Regalla
65%
Tribe Nora
63%
Maimed marshal that also joins you Kotallo
62%
Tribe Tenakth
61%
Tribe Utaru
59%
Chief of the Tenakth Hekarro
58%
Machine Thunderjaw
58%
Tribe Carja
56%
Zenith ally Tilda
55%
Machine Burrower
54%
Tribe Oseram
48%
Machine Stormbird
47%
Machine Redeye Watcher
46%
Machine Charger
45%
Machine Slaughterspine
45%
Machine Sunwing
44%
Machine Clawstrider
41%
Machine Tideripper
41%
Weapon Class Hunter Bow
40%
Tribe Quen
40%
Machine Scrapper
40%
Machine Bristleback
38%
Machine Ravager
38%
Machine Tremortusk
38%
Machine Bellowback
37%
Machine Grazer
37%
Machine Behemoth
36%
Machine Fireclaw
36%
Machine Frostclaw
36%
Machine Glinthawk
36%
Machine Snapmaw
36%
Machine Tallneck
36%
Machine Rockbreaker
35%
Machine Slitherfang
35%
Machine Dreadwing
34%
Machine Specter
33%
Machine Stalker
33%
Important Settlement Chainscrape
32%
Machine Clamberjaw
32%
Machine Plowhorn
32%
Weapon Class Sharpshot Bow
32%
Important Settlement Plainsong
31%
Machine Lancehorn
30%
Machine Longleg
30%
Machine Scrounger
30%
Machine Shellsnapper
30%
Machine Widemaw
30%
Machine Fanghorn
29%
Machine Skydrifter
29%
Machine Specter Prime
29%
Machine Corruptor
28%
Machine Grimhorn
27%
Machine Leaplasher
27%
Machine Scorcher
27%
Weapon Class Ropecaster
26%
Weapon Class Warrior Bow
26%
Machine Shellwalker
25%
Weapon Class Tripcaster
25%
Weapon Class Blast Sling
24%
Machine Rollerback
21%
Weapon Class Spear
21%
Machine Spikesnout
21%
Important Settlement The Bulwark
21%
Important Settlement Barren light
20%
Important Settlement Scalding Spear
19%
Weapon Class Spike Thrower
19%
Important Settlement Thornmarsh
19%
Important Settlement Memorial Grove
15%
Important Settlement Legacy's Landfall
14%
Weapon Class Shredder Gauntlet
14%
Important Settlement Hidden Ember
5%
No matching quizzes found
Score Distribution
Percent of People with Each Score
Percentile by Number Answered
Your Score History
You have not taken this quiz